000 00863cam a2200253 a 4500
001 1669582
005 20121230113714.0
008 980211s1998 maua b 001 0 eng
020 _a026206202X (alk. paper)
020 _a9780262062022
082 0 0 _a621.8
_222
_bFRE
100 1 _aFrey, Brendan J.
_931743
245 1 0 _aGraphical Models for Machine Learning and Digital Communication /
_cBrendan J. Frey.
260 _aCambridge, Mass :
_bThe MIT Press,
_cc1998.
300 _axiii, 195 p. :
_bill. ;
_c24 cm.
440 0 _aAdaptive computation and machine learning
_931744
500 _a"A Bradford book."
504 _aIncludes bibliographical references (p. [179]-189) and index.
650 0 _aMachine learning.
_931745
650 0 _aDigital communications.
_931746
650 0 _aGraph theory.
_93997
653 _bEle
_cDecember2012
942 _2ddc
_cBB
999 _c17145
_d17117